00517nam a2200145 4500001000700000003000900007005001700016007000300033008004100036100005000077245011800127260008300245300002000328852002300348124230ES-MaACL20250823063104.0t|070214s1911 sp r ||||1| spa d1 aRedonet y López-Dóriga, Luis, d1875-197210aHistoria jurídica del cultivo y de la industria ganadera en España /cpor D. Luis Redonet y López-Dóriga. aMadrid : b[s. n.], c1911 (fImp. de la Sucesora de M. Minuesa de los Ríos) a2 v. ; c19 cm. aES-MaACLjF-9315-6